000 00678nam a2200253Ia 4500
003 OSt
005 20220918165028.0
006 a|||||r|||| 00| 0
007 ta
008 220917b |||||||| |||| 00| 0 eng d
020 _a0853032033
024 _a45,031
037 _cTextual
040 _aARTS
_cARTS
_beng
041 _2eng
_aeng
082 _aO25,6:g(Y7461), 111M2
100 _aDomb R
_922229
245 0 _aArab in Herbew prose 1911-1948
260 _aLondon
_bVallentin e Mithell UK
_c1982
300 _axi, 180p.
_ccm.
650 _aENGLISH LITERATURE
942 _hO25,6:g(Y7461), 111M2
_cTEXL
_2CC
999 _c127899
_d127899